MyGZULibrary

African development in a comparative perspective. (Record no. 2069)

MARC details
000 -LEADER
fixed length control field 01277cam a22003494a 4500
001 - CONTROL NUMBER
control field 11792998
003 - CONTROL NUMBER IDENTIFIER
control field GZU
005 - DATE AND TIME OF LATEST TRANSACTION
control field 20201027101208.0
008 - FIXED-LENGTH DATA ELEMENTS--GENERAL INFORMATION
fixed length control field 990921s2000 njua bs i000 0 eng
010 ## - LIBRARY OF CONGRESS CONTROL NUMBER
LC control number 99049042
020 ## - INTERNATIONAL STANDARD BOOK NUMBER
International Standard Book Number 0865438072 (HB)
020 ## - INTERNATIONAL STANDARD BOOK NUMBER
International Standard Book Number 0865438080 (PB)
020 ## - INTERNATIONAL STANDARD BOOK NUMBER
International Standard Book Number 9780852551653
040 ## - CATALOGING SOURCE
Original cataloging agency DLC
Transcribing agency DLC
Modifying agency DLC
042 ## - AUTHENTICATION CODE
Authentication code pcc
043 ## - GEOGRAPHIC AREA CODE
Geographic area code f------
050 00 - LIBRARY OF CONGRESS CALL NUMBER
Classification number HC800
Item number .AFR 2000
245 00 - TITLE STATEMENT
Title African development in a comparative perspective.
250 ## - EDITION STATEMENT
Edition statement 1st Africa World Press ed.
260 ## - PUBLICATION, DISTRIBUTION, ETC.
Place of publication, distribution, etc. Trenton, N.J. :
Name of publisher, distributor, etc. Africa World Press,
Date of publication, distribution, etc. 2000.
300 ## - PHYSICAL DESCRIPTION
Extent xiv, 113 p. :
Other physical details ill. ;
Dimensions 24 cm.
504 ## - BIBLIOGRAPHY, ETC. NOTE
Bibliography, etc. note Includes bibliographical references.
650 #0 - SUBJECT ADDED ENTRY--TOPICAL TERM
Topical term or geographic name entry element Structural adjustment (Economic policy)
Geographic subdivision Africa.
650 #0 - SUBJECT ADDED ENTRY--TOPICAL TERM
Topical term or geographic name entry element Investments, Foreign
Geographic subdivision Africa.
651 #0 - SUBJECT ADDED ENTRY--GEOGRAPHIC NAME
Geographic name Africa
General subdivision Economic policy.
651 #0 - SUBJECT ADDED ENTRY--GEOGRAPHIC NAME
Geographic name Africa
General subdivision Economic conditions
Chronological subdivision 1960-
710 2# - ADDED ENTRY--CORPORATE NAME
Corporate name or jurisdiction name as entry element United Nations Conference on Trade and Development.
856 41 - ELECTRONIC LOCATION AND ACCESS
Materials specified Table of contents
Uniform Resource Identifier <a href="http://www.loc.gov/catdir/toc/fy037/99049042.html">http://www.loc.gov/catdir/toc/fy037/99049042.html</a>
906 ## - LOCAL DATA ELEMENT F, LDF (RLIN)
a 7
b cbc
c orignew
d 1
e ocip
f 19
g y-gencatlg
942 ## - ADDED ENTRY ELEMENTS (KOHA)
Source of classification or shelving scheme Library of Congress Classification
Koha item type Books
Classification part 800
Item part AFR
Call number prefix HC
Holdings
Withdrawn status Lost status Source of classification or shelving scheme Damaged status Not for loan Collection code Home library Current library Shelving location Date acquired Total Checkouts Full call number Barcode Date last seen Copy number Price effective from Koha item type Inventory number
    Library of Congress Classification     Non-fiction City Campus Library City Campus Library General Stacks 04/10/2015   HC800 AFR 1999 004114 10/27/2020 c. 1 10/27/2020 Books  
          Non-fiction Mashava Campus Library Mashava Campus Library General Stacks 05/10/2021   HC800 AFR 1999 004120 05/10/2021 c.2 05/10/2021 Books 21275
          Non-fiction Mashava Campus Library Mashava Campus Library   05/10/2015   HC 800 AFR 1999 004117 05/10/2021 c.3 05/10/2021 Books 21274